[Event "Palic Karadzic Memorial op"]
[Site "Palic"]
[Date "2017.10.28"]
[Round "1"]
[White "Antic, Dejan"]
[Black "Jovanovic, Milan B"]
[Result "1-0"]
[WhiteElo "2442"]
[BlackElo "2023"]
[PlyCount "42"]
[EventDate "2017.10.28"]
[EventType "swiss"]
[EventRounds "9"]
[EventCountry "SRB"]
[SourceTitle "CBM 181 Extra"]
[Source "ChessBase"]
[SourceDate "2017.12.12"]
[SourceVersion "1"]
[SourceVersionDate "2017.12.12"]
[SourceQuality "1"]

1. d4 Nf6 2. Nf3 e6 3. c4 c5 4. d5 exd5 5. cxd5 g6 6. Nc3 d6 7. Nd2 a6 8. a4 Bg7 9. e4 0-0 10. Be2 Nbd7 11. 0-0 Qe7 12. f4 b6 13. Kh1 Rb8 14. Rb1 Ne8 15. Qc2 Nc7 16. Nc4 Bb7 17. Bf3 b5 18. Na5 c4 19. e5 Nc5 20. Be3 Nd3 21. Ba7 dxe5 1-0

[Event "Senta op 21st"]
[Site "Senta"]
[Date "2017.07.28"]
[Round "5"]
[White "Jovanovic, Milan B"]
[Black "Kovacs, Arthur"]
[Result "1-0"]
[WhiteElo "2037"]
[BlackElo "1970"]
[PlyCount "45"]
[EventDate "2017.07.24"]
[EventType "swiss"]
[EventRounds "9"]
[EventCountry "SRB"]
[SourceTitle "CBM 179 Extra"]
[Source "ChessBase"]
[SourceDate "2017.08.23"]
[SourceVersion "1"]
[SourceVersionDate "2017.08.23"]
[SourceQuality "1"]

1. d4 d5 2. Nf3 Nf6 3. Bg5 e6 4. e3 Be7 5. Bd3 0-0 6. Nbd2 b6 7. Qe2 Bb7 8. Ne5 Nbd7 9. Bxf6 Bxf6 10. Nxd7 Qxd7 11. f4 c5 12. c3 a5 13. Nf3 c4 14. Bc2 b5 15. h4 b4 16. Bxh7+ Kxh7 17. Ng5+ Kh6 18. g4 Bxg5 19. hxg5+ Kg6 20. f5+ Kxg5 21. Qf2 Rh8 22. Qf4+ Kf6 23. g5+ 1-0

[Event "Palic Karadzic Memorial op"]
[Site "Palic"]
[Date "2016.11.02"]
[Round "6"]
[White "Popovic, Aleksandar M"]
[Black "Jovanovic, Milan B"]
[Result "1/2-1/2"]
[WhiteElo "2232"]
[BlackElo "2057"]
[PlyCount "24"]
[EventDate "2016.10.29"]
[EventType "swiss"]
[EventRounds "9"]
[EventCountry "SRB"]
[SourceTitle "CBM 175 Extra"]
[Source "ChessBase"]
[SourceDate "2016.12.12"]
[SourceVersion "1"]
[SourceVersionDate "2016.12.12"]
[SourceQuality "1"]

1. e4 d5 2. exd5 Qxd5 3. Nc3 Qd6 4. d4 Nf6 5. Nf3 g6 6. Nb5 Qb6 7. d5 c6 8. Be3 Qa5+ 9. Bd2 Qb6 10. dxc6 bxc6 11. Be3 Qa5+ 12. Nd2 Qb6 1/2-1/2

[Event "Palic Karadzic Memorial op"]
[Site "Palic"]
[Date "2016.10.30"]
[Round "2"]
[White "Draskovic, Luka"]
[Black "Jovanovic, Milan B"]
[Result "1-0"]
[WhiteElo "2444"]
[BlackElo "2057"]
[PlyCount "45"]
[EventDate "2016.10.29"]
[EventType "swiss"]
[EventRounds "9"]
[EventCountry "SRB"]
[SourceTitle "CBM 175 Extra"]
[Source "ChessBase"]
[SourceDate "2016.12.12"]
[SourceVersion "1"]
[SourceVersionDate "2016.12.12"]
[SourceQuality "1"]

1. Nf3 f5 2. c4 Nf6 3. Nc3 e6 4. g3 b6 5. Bg2 Bb7 6. 0-0 Bb4 7. Qb3 Bxc3 8. Qxc3 0-0 9. b3 d6 10. Bb2 Nbd7 11. Ng5 Bxg2 12. Nxe6 Qe7 13. Nxf8 Bxf1 14. Nxd7 Qxd7 15. Rxf1 Re8 16. Qf3 Ne4 17. Rd1 Qe6 18. e3 Qh6 19. Qf4 Ng5 20. h4 Qh5 21. Qxg5 Qxd1+ 22. Kg2 g6 23. Qf6 1-0

[Event "Subotica-ch op"]
[Site "Subotica"]
[Date "2016.03.11"]
[Round "9"]
[White "Jovanovic, Milan B"]
[Black "Vranic, Ljubomir"]
[Result "1-0"]
[WhiteElo "2017"]
[BlackElo "2170"]
[PlyCount "121"]
[EventDate "2016.02.22"]
[EventType "swiss"]
[EventRounds "9"]
[EventCountry "SRB"]
[SourceTitle "CBM 171 Extra"]
[Source "ChessBase"]
[SourceDate "2016.04.26"]
[SourceVersion "1"]
[SourceVersionDate "2016.04.26"]
[SourceQuality "1"]

1. b3 d5 2. f4 Bf5 3. e3 e6 4. Bb2 Nf6 5. Nf3 Nbd7 6. h3 h6 7. d3 c6 8. Nbd2 Bh7 9. g4 Qb6 10. Qe2 Bc5 11. e4 dxe4 12. dxe4 0-0-0 13. 0-0-0 Be3 14. Kb1 Bxf4 15. Nc4 Qc7 16. e5 Ne4 17. Bg2 Nb6 18. Nd6+ Nxd6 19. exd6 Rxd6 20. Rxd6 Qxd6 21. Rd1 Nd5 22. Ne5 Rf8 23. Nc4 Qc5 24. Bxd5 cxd5 25. Ba3 Qc7 26. Bxf8 dxc4 27. Qxc4 Qxc4 28. bxc4 Be5 29. Bc5 b6 30. Be7 Bc7 31. Kb2 Kb7 32. Bf8 Be5+ 33. Kb3 Kc7 34. h4 Be4 35. Re1 f5 36. gxf5 exf5 37. Rg1 Bd4 38. Rg6 a5 39. Bxg7 a4+ 40. Kxa4 f4 41. Rg4 Bf5 42. Rxf4 Bd7+ 43. Kb3 Bxg7 44. Rf7 Be5 45. Rh7 Bf4 46. Kb4 Bd2+ 47. c3 Be3 48. a4 Kc6 49. Rh8 Bg4 50. a5 Bc5+ 51. Kb3 bxa5 52. Rxh6+ Bd6 53. Ka4 Kc5 54. Kxa5 Bc7+ 55. Ka4 Bd1+ 56. Ka3 Bf4 57. Rh8 Bc1+ 58. Ka2 Kxc4 59. Rc8+ Kb5 60. Rb8+ Kc4 61. Rb1 1-0

[Event "Jagodina op 5th"]
[Site "Jagodina"]
[Date "2012.03.11"]
[Round "3"]
[White "Jovanovic, Milan B"]
[Black "Miskovic, Lazar"]
[Result "1/2-1/2"]
[WhiteElo "1947"]
[BlackElo "1633"]
[PlyCount "108"]
[EventDate "2012.03.10"]
[EventType "swiss"]
[EventRounds "9"]
[EventCountry "SRB"]
[SourceTitle "CBM 147 Extra"]
[Source "ChessBase"]
[SourceDate "2012.04.24"]
[SourceVersion "1"]
[SourceVersionDate "2012.04.24"]
[SourceQuality "1"]

1. e4 c5 2. f4 Nc6 3. Nf3 d6 4. c3 e6 5. d3 Nge7 6. Be2 g6 7. d4 cxd4 8. Nxd4 Bg7 9. Nxc6 Nxc6 10. 0-0 0-0 11. Be3 Qc7 12. Na3 a6 13. Nc2 Rd8 14. Qe1 b5 15. Qf2 Rb8 16. Rad1 Ne7 17. g4 d5 18. e5 f6 19. exf6 Bxf6 20. Bd4 Bxd4 21. Nxd4 Nc6 22. Qg3 Bd7 23. a3 Na5 24. Rde1 Re8 25. Bd3 Nc4 26. Bxc4 bxc4 27. Rf2 Rb6 28. Qg2 Qd6 29. Qg3 Rf8 30. h4 Kg7 31. Re5 Qb8 32. Qh2 Rh8 33. Rfe2 Rf8 34. f5 exf5 35. Re7+ Rf7 36. Rxf7+ Kxf7 37. Qxb8 Rxb8 38. gxf5 Bxf5 39. Rf2 Kf6 40. Kh2 Rd8 41. h5 Re8 42. hxg6 hxg6 43. Kg3 Re7 44. Rd2 Re3+ 45. Kf2 Rd3 46. Rxd3 Bxd3 47. Nc6 Ke6 48. Nb4 a5 49. Nxd3 cxd3 50. b4 axb4 51. axb4 Ke5 52. Ke3 d2 53. Kxd2 d4 54. cxd4+ Kxd4 1/2-1/2